000 00799cam a22001814a 4500
005 20250605164342.0
008 250528s ||||||||||||||||||||||||d
035 _a23657
040 _aGR-AtMCL
_bgre
_dGR-AtMCL
_eAACR2
245 1 _aJob Satisfaction Among Employees of a Company that has been Merged or Taken Over./The Case of Sanofi Aventis.
260 _c2009
300 _a93
520 _aIntroduction, Literature Review, Change Management, Communication, Mergers and Takeover, Methodology, Ethical Issues, Methods of Analysis Employed and Discussion of the Results, Conclusion, Recommendations, Questionnaire Qualitative Research, Results of SPSS, References, Bibliography, Self Reflection.
700 1 _aAntonopoulou Rania
_99253
942 _cDS
999 _c8653
_d8653